Case studies on outsourcing trends (Record no. 184243)

MARC details
000 -LEADER
fixed length control field 00419nam a2200157Ia 4500
005 - DATE AND TIME OF LATEST TRANSACTION
control field 20250319105704.0
008 - FIXED-LENGTH DATA ELEMENTS--GENERAL INFORMATION
fixed length control field 231217s9999 xx 000 0 und d
020 ## - INTERNATIONAL STANDARD BOOK NUMBER
International Standard Book Number 9788131406106
082 ## - DEWEY DECIMAL CLASSIFICATION NUMBER
Classification number 658.40580722 GIR;1 R
100 ## - MAIN ENTRY--PERSONAL NAME
Personal name Girija, P ed.
245 #0 - TITLE STATEMENT
Title Case studies on outsourcing trends
260 ## - PUBLICATION, DISTRIBUTION, ETC. (IMPRINT)
Date of publication, distribution, etc. 2007
Name of publisher, distributor, etc. Icfai Books
Place of publication, distribution, etc. Hyderabad
300 ## - PHYSICAL DESCRIPTION
Extent v, 268
650 ## - SUBJECT ADDED ENTRY--TOPICAL TERM
Topical term or geographic name as entry element studies,outsourcing,trends
942 ## - ADDED ENTRY ELEMENTS (KOHA)
Koha item type Books
Holdings
Date last seen Total Checkouts Full call number Accession number Old discount Uniform Resource Identifier Cost, replacement price Price effective from Category Lost status Damaged status Department Withdrawn status bill no. bill date Permanent Location Current Location Shelving location Entry date Vendor Cost, normal purchase price Grants Currency symbol Conversion rate Discount Discount type
26/01/2024   658.40580722 GIR;1 R 56481 20 digital/contents/56481.pdf 700.00 26/01/2024 Books     Central Library   173/ICFAI/09-10/BLR 12/06/2013 Central Library Central Library Central Library 09/10/2009 ICFAI Press 875.00 MBA RS 1 175 Rupees

© For any Suggestions or Query, please contact the library staff @ librarian@pes.edu or Phone: +9180 2672 1983/ 2108.